000 00639nam a22002297a 4500
003 UA-OsUOA
001 36896
007 ta
008 20060216b un ||||| |||| 00| 0 ukr d
100 _aПрісняков В.
700 _aПріснякова Л.
090 _a1
_bП11
942 _cSA
040 _aUA-OsUOA
_bukr
_cUA-OsUOA
_dUA-OsUOA
245 _aМатематичне моделювання гуманітарних наук матодами теорії катастроф
300 _aС.27-47
955 _a0
041 _aukr
080 _a1
773 0 _w36893
650 7 _a1 Філософські науки
_2UDC
999 _c323126
_d323126